Southville International School and Colleges
Your cart is empty.
  • Cart
  • Lists
    Public lists list_1 View all
    Your lists Log in to create your own lists
  • Log in to your account
  • Your cookies
  • Search history
Southville International School and Colleges
  • Advanced search
  • Recent comments
  • Most popular
  • Libraries

Log in to your account

Log in with GOOGLE


If you do not have an external account, but do have a local account, you can still log in:

  1. Home
  2. MARC view: Abnormal psychology :
Normal view MARC view ISBD view

Abnormal psychology : (Record no. 362072)

[ view plain ]
MARC details
000 -LEADER
fixed length control field 00562nam a2200157Ia 4500
008 - FIXED-LENGTH DATA ELEMENTS--GENERAL INFORMATION
fixed length control field 190813s9999 xx 000 0 und d
020 ## - INTERNATIONAL STANDARD BOOK NUMBER
International Standard Book Number 9781259253867
100 ## - MAIN ENTRY--PERSONAL NAME
Personal name Whitbourne, Susan Krauss.
245 ## - TITLE STATEMENT
Statement of responsibility, etc Susan Krauss Whitbourne.--
Title Abnormal psychology :
Remainder of title clinical perspectives on psychology /
250 ## - EDITION STATEMENT
Edition statement 8th edition
260 ## - PUBLICATION, DISTRIBUTION, ETC. (IMPRINT)
Place of publication, distribution, etc New York :
Name of publisher, distributor, etc McGraw-Hill Educational International Edition
Date of publication, distribution, etc 2017
300 ## - PHYSICAL DESCRIPTION
Extent 407 pages.
500 ## - GENERAL NOTE
General note Included bibliographical references and index.
650 ## - SUBJECT ADDED ENTRY--TOPICAL TERM
Topical term or geographic name as entry element Psychology, pathological.
650 ## - SUBJECT ADDED ENTRY--TOPICAL TERM
Topical term or geographic name as entry element Social psychology.
Holdings
Withdrawn status Lost status Damaged status Home library Current library Shelving location Date acquired Total Checkouts Total Renewals Full call number Barcode Date last seen Date checked out Price effective from Koha item type
      College Library College Library Reserve Section 08/13/2019 5 2 RC 454 .W579 2017 C21857 02/05/2025 01/09/2025 08/13/2019 Books

Abnormal psychology :

APA

Whitbourne S. K., . (2017). Abnormal psychology. New York: McGraw-Hill Educational International Edition.

Chicago

Whitbourne Susan Krauss, . 2017. Abnormal psychology. New York: McGraw-Hill Educational International Edition.

Harvard

Whitbourne S. K., . (2017). Abnormal psychology. New York: McGraw-Hill Educational International Edition.

MLA

Whitbourne Susan Krauss, . Abnormal psychology. New York: McGraw-Hill Educational International Edition. 2017.

  • Place hold
  • Print
  • Cite
  • Add to your cart (remove)
  • Save record
    BIBTEX Dublin Core MARCXML MARC (non-Unicode/MARC-8) MARC (Unicode/UTF-8) MARC (Unicode/UTF-8, Standard) MODS (XML) RIS
  • More searches
    Search for this title in:
    Other Libraries (WorldCat) Other Databases (Google Scholar) Online Stores (Bookfinder.com) Open Library (openlibrary.org)

Exporting to Dublin Core...

SOUTHVILLE LIBRARY

Southville International School and Colleges Library

1281 Tropical Ave. Cor. Luxembourg St., BF Homes International, Las Pinas City

Tel. No. 8256374 / 252358 Loc. 117/146

Powered by Koha